Word Ladder: Stranger Things Quiz Stats

 Plays Quiz Updated Apr 27, 2018

Challenge
Share
Tweet
Embed
Score 0/35 Timer 04:00
0 Plays Today
Clue 4-Letter Word % Correct
___ E. CoyoteWILE
92.1%
Not fastSLOW
91.2%
Liver fluidBILE
90.4%
Ep. 8: The Upside ___•DOWN•
89.5%
Coin entry locationSLOT
89.3%
Went on a planeFLEW
88.1%
Chimney grimeSOOT
87.4%
Food preparerCHEF
87.2%
Put into orderSORT
86.2%
Large villageTOWN
86.1%
AchySORE
85.1%
Ep. 1: The Vanishing of ___ Byers•WILL•
84.8%
A huge amountSLEW
84.8%
Central partCORE
84.6%
The Suite Life of Zack and ___CODY
84.2%
Singer of 'Believe'CHER
83.9%
RippedTORN
83.9%
'___ she blows!'THAR
83.2%
Clue 4-Letter Word % Correct
Symbol on a musical staffCLEF
82.4%
Burn the surface ofCHAR
82.4%
The one over thereTHAT
81.2%
ProgramCODE
80.2%
A drop of sweatBEAD
80.2%
DefeatBEAT
79.2%
Suckling needTEAT
77.3%
Tolerate or wait awhileBIDE
74.9%
PeruseREAD
74%
Sea birdTERN
72.7%
Oboist's needREED
72.6%
Acned one?TEEN
69.9%
ForetellBODE
69.7%
Ep. 4: The ___•BODY•
69.3%
Angry, with 'off'TEED
68.3%
Ep. 5: The ___ and the Acrobat•FLEA•
58.1%
Actress DuVall of 'Carnivàle'CLEA
52.2%

Today's Daily Dose

Missing Word
Top 10 Artists

Word Ladder
'70s Song II

On This Day
October 20th II

You're not logged in!

Compare scores with friends on all Sporcle quizzes.
Join for Free
OR
Log In

You Might Also Like...

Show Comments

Extras

Top Quizzes Today


Score Distribution

Your Account Isn't Verified!

In order to create a playlist on Sporcle, you need to verify the email address you used during registration. Go to your Sporcle Settings to finish the process.

Report this User

Report this user for behavior that violates our Community Guidelines.

Details: